000 00681nam a22001697a 4500
999 _c60897
_d60897
005 20231115131448.0
008 231115s1980 ru ||||| |||| 00| 0 rus d
041 _arus
080 _a008(355):94(354) Д-17
100 _aДандамаев, М. А.
_920393
245 _aКультура и экономика Древнего Ирана /
_cМ.А. Дандамаев, Луконин, В. Г.
264 _aМ.:
_bНаука,
_c1980.
300 _a416 с.:
_bил.;
_c22 см.
653 _aძველი ირანის კულტურა და ეკონომიკა
700 _aЛуконин, В. Г.
_eავტორი
_920394
942 _2udc
_cᲬᲘᲒᲜᲘ